Sports Quiz

Random Sports or Football Quiz

1969 New York Mets Roster Quiz Stats

 Plays Quiz not verified by Sporcle

Score 0/17 Timer 07:00
0 Plays Today
Position Player % Correct
SPTom Seaver
96.5%
LFCleon Jones
87.5%
SPJerry Koosman
85.5%
CFTommie Agee
84%
SSBud Harrelson
83.6%
CJerry Grote
82.8%
1BEd Kranepool
79.7%
RFRon Swoboda
73.8%
RPTug McGraw
73%
Position Player % Correct
SPGary Gentry
64.5%
3BWayne Garrett
59.8%
2BKen Boswell
51.6%
CLRon Taylor
44.1%
SPJim McAndrew
39.5%
SPDon Cardwell
36.3%
RPCal Koonce
30.1%
RPJack DiLauro
16.8%

You're not logged in!

Compare scores with friends on all Sporcle quizzes.
OR
Log In

Show Comments

Extras

Top Quizzes Today


Score Distribution

Your Account Isn't Verified!

In order to create a playlist on Sporcle, you need to verify the email address you used during registration. Go to your Sporcle Settings to finish the process.

Report this User

Report this user for behavior that violates our Community Guidelines.

Details: